Political networks : the structural perspective

Αποθηκεύτηκε σε:
Λεπτομέρειες βιβλιογραφικής εγγραφής
Κύριος συγγραφέας: Knoke, David
Μορφή: Βιβλίο
Γλώσσα:English
Δημοσίευση: New York : Cambridge University Press, 1994, 1990
Σειρά:Structural analysis in the social sciences ; ; 4
Θέματα:
Ετικέτες: Προσθήκη ετικέτας
Δεν υπάρχουν, Καταχωρήστε ετικέτα πρώτοι!

MARC

LEADER 00000nam a2200000 i 4500
001 1/79806
008 080401r19941990 eng d
020 |a 0-521-47762-X 
035 |l 10096055 
040 |a GR-MY-UA  |b gre  |e aacr 
041 0 |a eng 
082 0 |a 320.072  |2 (22) 
100 1 |a Knoke, David. 
245 1 0 |a Political networks :  |b the structural perspective /  |c David Knoke 
260 |a New York :   |b Cambridge University Press,   |c 1994, 1990 
300 |a xiv, 290 σ.;  |b εικ.;  |c 24 εκ. 
490 1 |a Structural analysis in the social sciences  |v ; 4 
500 |a 1η χαρτόδετη (pbk.) έκδοση 
504 |a Βιβλιογραφία: σ. 241-282 
504 |a Ευρετήριο: σ. 283-290 
650 0 0 |a Political science  |x Methodology. 
650 0 0 |a Functionalism (Social sciences) 
650 0 0 |a Social sciences  |x Network analysis. 
830 0 |a Structural analysis in the social sciences ;  |v ; 4 
852 |a INST  |b LESVOS  |e 20080401  |h 320.072 KNO  |p 005100039486  |q 005100039486  |t BK  |y 0 
901 |a BIBL1-2008-1 
909 |a Λ  |b 144913 
922 |a 1ΕΛΗ  |b 200801  |c ΕΠΕΑΕΚ2/ΤΠ  |d ΕΛΕΥΘΕΡΟΥΔΑΚΗΣ 
970 |a ΚΑΡΑ  |b ΓΙΑΣΕΜΗ  |z 2008/04/01